|
|
|
|
| LEADER |
00000nam0a2200000 4500 |
| 001 |
8594 |
| 005 |
20260227145433.0 |
| 010 |
|
|
|a 5270012812
|
| 035 |
|
|
|a (RuTPU)RU\TPU\book\8643
|
| 035 |
|
|
|a BOOK00008702
|
| 090 |
|
|
|a 8594
|
| 100 |
|
|
|a 20011209d1998 m y0rusy50 ca
|
| 101 |
0 |
|
|a rus
|
| 102 |
|
|
|a RU
|
| 105 |
|
|
|a a z 000zb
|
| 200 |
1 |
|
|a Тайная жизнь генерала Судоплатова. Правда и вымыслы о моем отце
|h Кн. 1
|f А. П. Судоплатов
|
| 210 |
|
|
|a Москва
|c Современник
|c Олма-Пресс
|d 1998
|
| 215 |
|
|
|a 510 с.
|c ил.
|
| 225 |
1 |
|
|a Досье
|
| 600 |
|
1 |
|a Судоплатов
|b П. А.
|c советский разведчик
|c генерал-лейтенант
|f 1907-1996
|g Павел Анатольевич
|2 stltpush
|3 (RuTPU)RU\TPU\pers\12470
|9 3477
|
| 606 |
|
|
|a Деятели политические и государственные
|x Персоналии
|y СССР
|z 1917-1991
|7 ca
|8 rus
|9 85368
|
| 610 |
1 |
|
|a разведка
|
| 610 |
1 |
|
|a биографии
|
| 686 |
|
|
|a Т3(2)6-3
|2 rubbk
|
| 686 |
|
|
|a Х621.162
|2 rubbk
|
| 700 |
|
1 |
|a Судоплатов
|b А. П.
|g Андрей Павлович
|
| 801 |
|
0 |
|a RU
|b 63413507
|c 20011209
|g PSBO
|
| 801 |
|
2 |
|a RU
|b 63413507
|c 20050305
|g PSBO
|
| 942 |
|
|
|c BK
|